[Event "Valencia Autonomico Norte-A"]
[Site "Valencia"]
[Date "2009.01.24"]
[Round "3.1"]
[White "Sanchez Raboso, Vicente"]
[Black "Solino Nebot, Leonardo"]
[Result "0-1"]
[WhiteElo "2136"]
[BlackElo "2159"]
[PlyCount "86"]
[EventDate "2009.01.10"]
[EventType "team-tourn"]
[EventRounds "5"]
[EventCountry "ESP"]
[SourceTitle "EXT 2011"]
[Source "ChessBase"]
[SourceDate "2010.11.26"]
[SourceVersion "1"]
[SourceVersionDate "2010.11.26"]
[SourceQuality "1"]

1. e4 c5 2. Nf3 e6 3. d4 cxd4 4. Nxd4 Nf6 5. Nc3 Nc6 6. Nxc6 bxc6 7. e5 Nd5 8. Ne4 Qc7 9. f4 Qa5+ 10. c3 Be7 11. Bd3 Qb6 12. Qe2 Rb8 13. a3 0-0 14. c4 f5 15. cxd5 fxe4 16. Qxe4 g6 17. d6 Bh4+ 18. g3 Bd8 19. h4 c5 20. Qc4 Bb7 21. Rf1 Bd5 22. Qc2 Qb3 23. Kf2 c4 24. Qxb3 Rxb3 25. Be2 Bb6+ 26. Ke1 Rxg3 27. Bd2 Bg2 28. Bxc4 Bxf1 29. Bxf1 Rc8 30. Rc1 Rxc1+ 31. Bxc1 Be3 32. Bxe3 Rxe3+ 33. Kd2 Rb3 34. Kc2 Rf3 35. Bb5 Rxf4 36. Bxd7 Kf7 37. b4 Rxh4 38. b5 Re4 39. Bc6 Rxe5 40. a4 Re3 41. a5 Ra3 42. b6 axb6 43. axb6 Ra6 0-1

[Event "Valencia Autonomico Norte-A"]
[Site "Valencia"]
[Date "2009.01.10"]
[Round "1.1"]
[White "Sanchez Raboso, Vicente"]
[Black "Minaya Molano, Juan M"]
[Result "1-0"]
[WhiteElo "2136"]
[BlackElo "2232"]
[PlyCount "79"]
[EventDate "2009.01.10"]
[EventType "team-tourn"]
[EventRounds "5"]
[EventCountry "ESP"]
[SourceTitle "EXT 2011"]
[Source "ChessBase"]
[SourceDate "2010.11.26"]
[SourceVersion "1"]
[SourceVersionDate "2010.11.26"]
[SourceQuality "1"]

1. e4 c5 2. Nf3 d6 3. d4 cxd4 4. Nxd4 Nf6 5. Nc3 Nc6 6. Bg5 e6 7. Qd2 Be7 8. f3 a6 9. 0-0-0 d5 10. exd5 Nxd5 11. Bxe7 Ncxe7 12. Nxd5 Qxd5 13. Qb4 Qg5+ 14. Kb1 0-0 15. h4 Qf6 16. Bd3 Nd5 17. Qd2 Bd7 18. Be4 Rac8 19. Bxd5 exd5 20. g4 Rfe8 21. g5 Qd6 22. h5 Re5 23. h6 g6 24. b3 f6 25. f4 Re4 26. Rhf1 Rce8 27. f5 fxg5 28. f6 Rf4 29. f7+ Kxf7 30. Nf3 Kg8 31. Nxg5 Rxf1 32. Rxf1 Bf5 33. Re1 Rd8 34. Qd4 Qf8 35. Re5 Qf6 36. Qe3 Qf8 37. Re7 Rc8 38. Nxh7 Bxc2+ 39. Kb2 Qf1 40. Qe6+ 1-0

[Event "Cullera op-A"]
[Site "Cullera"]
[Date "2007.07.09"]
[Round "6"]
[White "Sanchez Raboso, Vicente"]
[Black "Lacrosse, Marc"]
[Result "0-1"]
[WhiteElo "2122"]
[BlackElo "2301"]
[PlyCount "82"]
[EventDate "2007.07.06"]
[EventType "swiss"]
[EventRounds "9"]
[EventCountry "ESP"]
[SourceTitle "CBM 119 Extra"]
[Source "ChessBase"]
[SourceDate "2007.09.04"]
[SourceVersion "1"]
[SourceVersionDate "2007.09.04"]
[SourceQuality "1"]

1. d4 d5 2. c4 e6 3. Nf3 Nf6 4. Nc3 c6 5. Bg5 Nbd7 6. e3 Qa5 7. Nd2 Bb4 8. Qc2 0-0 9. Bh4 c5 10. Bd3 cxd4 11. exd4 dxc4 12. Nxc4 Qd5 13. 0-0-0 Bxc3 14. bxc3 b6 15. Ne3 Qh5 16. Bxf6 Nxf6 17. g4 Nxg4 18. Nxg4 Qxg4 19. Bxh7+ Kh8 20. Be4 Rb8 21. Rhg1 Qf4+ 22. Kb2 Bb7 23. Bxb7 Rxb7 24. Rg3 g6 25. Rdg1 Kg7 26. Rg4 Qf6 27. Qe4 Qxf2+ 28. Kb3 Re7 29. Rg5 Qf6 30. h4 Rh8 31. h5 Rh6 32. Qg2 e5 33. d5 e4 34. Rf1 Qd6 35. c4 e3 36. Qb2+ f6 37. Rfg1 e2 38. Rxg6+ Rxg6 39. Rxg6+ Kf7 40. Qc2 e1Q 41. h6 Qdb4# 0-1

[Event "La Roda op 33rd"]
[Site "La Roda"]
[Date "2006.04.16"]
[Round "9"]
[White "Sanchez Raboso, Vicente"]
[Black "Almagro Mazariegos, Sebastian"]
[Result "0-1"]
[WhiteElo "2106"]
[BlackElo "2311"]
[PlyCount "96"]
[EventDate "2006.04.12"]
[EventType "swiss"]
[EventRounds "9"]
[EventCountry "ESP"]
[SourceTitle "CBM 111 Extra"]
[Source "ChessBase"]
[SourceDate "2006.05.09"]
[SourceVersion "1"]
[SourceVersionDate "2006.05.09"]
[SourceQuality "1"]

1. e4 c5 2. Nf3 d6 3. d4 cxd4 4. Nxd4 Nf6 5. Nc3 a6 6. Be2 e6 7. 0-0 Be7 8. Be3 Qc7 9. a4 b6 10. f4 Bb7 11. Bf3 Nbd7 12. f5 e5 13. Nb3 0-0 14. g4 h6 15. Qd2 Rfe8 16. Qg2 d5 17. Nxd5 Bxd5 18. exd5 e4 19. Bd1 Nxd5 20. Bc1 Bf6 21. Kh1 Rad8 22. c3 Nc5 23. Nxc5 Qxc5 24. g5 hxg5 25. Bxg5 Ne3 26. Bxe3 Qxe3 27. Bb3 Rd2 28. Qg6 Rf8 29. Rad1 Rxb2 30. Bd5 Qh3 31. Qg1 Re8 32. Rde1 Bxc3 33. f6 Qh6 34. fxg7 Bf6 35. Rxf6 Qxf6 36. Rf1 Rxh2+ 37. Kxh2 Qh4+ 38. Kg2 Qg5+ 39. Kh2 Qxd5 40. Qg4 Qe5+ 41. Kh1 Qxg7 42. Qf4 Qh7+ 43. Kg2 e3 44. Rf3 Qc2+ 45. Kh3 Qc8+ 46. Kh4 Qe6 47. Rg3+ Kf8 48. Qb4+ Qe7+ 0-1

[Event "Mislata op 13th"]
[Site "Mislata"]
[Date "2005.08.26"]
[Round "9"]
[White "Sanchez Raboso, Vicente"]
[Black "Alonso Moyano, Jonathan"]
[Result "0-1"]
[WhiteElo "2101"]
[BlackElo "2406"]
[PlyCount "64"]
[EventDate "2005.08.18"]
[EventType "swiss"]
[EventRounds "9"]
[EventCountry "ESP"]
[SourceTitle "CBM 107 Extra"]
[Source "ChessBase"]
[SourceDate "2005.09.01"]
[SourceVersion "1"]
[SourceVersionDate "2005.09.01"]
[SourceQuality "1"]

1. e4 c5 2. Nf3 d6 3. d4 Nf6 4. Nc3 cxd4 5. Nxd4 g6 6. Be3 Bg7 7. f3 Nc6 8. Qd2 Bd7 9. Bc4 0-0 10. 0-0-0 Rc8 11. Bb3 Ne5 12. g4 b5 13. Ndxb5 Nxf3 14. Qg2 Bxg4 15. Nd5 Ne5 16. Rdf1 Nxd5 17. exd5 Qd7 18. h3 Bf3 19. Rxf3 Qxb5 20. Rf4 Nd3+ 21. Kb1 Nxf4 22. Bxf4 a5 23. a4 Qb4 24. Be3 f5 25. h4 Rc4 26. Bd2 Rxc2 27. Bxb4 Rxg2 28. Ba3 f4 29. Bc4 f3 30. Bf1 Bd4 31. Ka2 Rf4 32. Rh3 Rg1 0-1

[Event "Cullera op 26th"]
[Site "Cullera"]
[Date "2005.07.29"]
[Round "8.19"]
[White "Fenollar Jorda, Manuel"]
[Black "Sanchez Raboso, Vicente"]
[Result "1-0"]
[WhiteElo "2273"]
[BlackElo "2101"]
[PlyCount "57"]
[EventDate "2005.07.21"]
[EventType "swiss"]
[EventRounds "9"]
[EventCountry "ESP"]
[SourceTitle "CBM 107 Extra"]
[Source "ChessBase"]
[SourceDate "2005.09.01"]
[SourceVersion "1"]
[SourceVersionDate "2005.09.01"]
[SourceQuality "1"]

1. d4 d5 2. Nf3 e6 3. e3 Nf6 4. Bd3 Bd6 5. Nbd2 Nbd7 6. c4 c5 7. 0-0 0-0 8. e4 dxe4 9. Nxe4 Nxe4 10. Bxe4 Nf6 11. Bc2 b6 12. Qd3 Bb7 13. Bg5 g6 14. dxc5 Be7 15. cxb6 Qxb6 16. Qc3 Kg7 17. Ne5 Rfd8 18. c5 Qc7 19. Ng4 e5 20. Bxf6+ Bxf6 21. Nxf6 Kxf6 22. f4 Rd5 23. fxe5+ Ke7 24. Bb3 Qc6 25. Bxd5 Qxd5 26. Rf2 Rd8 27. Raf1 Ke8 28. e6 f5 29. Qf6 1-0

[Event "Cullera op 26th"]
[Site "Cullera"]
[Date "2005.07.23"]
[Round "2.24"]
[White "Huerta Martinez, Alberto"]
[Black "Sanchez Raboso, Vicente"]
[Result "1-0"]
[WhiteElo "2146"]
[BlackElo "2101"]
[PlyCount "53"]
[EventDate "2005.07.21"]
[EventType "swiss"]
[EventRounds "9"]
[EventCountry "ESP"]
[SourceTitle "CBM 107 Extra"]
[Source "ChessBase"]
[SourceDate "2005.09.01"]
[SourceVersion "1"]
[SourceVersionDate "2005.09.01"]
[SourceQuality "1"]

1. e4 c5 2. Nf3 e6 3. c3 Nc6 4. d4 d5 5. e5 Qb6 6. Bd3 Bd7 7. 0-0 cxd4 8. cxd4 Nxd4 9. Nxd4 Qxd4 10. Nc3 a6 11. Qe2 Ne7 12. Rd1 Qb6 13. Bf4 Nc6 14. a3 Qb3 15. Rac1 Na5 16. Nb1 Qa4 17. b4 Nb3 18. Bc2 Nxc1 19. Rxc1 Qb5 20. Qe3 Rc8 21. Nc3 Qc4 22. Ne2 Qa2 23. Bg5 h6 24. Ba4 Rxc1+ 25. Nxc1 Qc4 26. Qa7 hxg5 27. Qb8+ 1-0